| 000 | 00451nam a22001817a 4500 | ||
|---|---|---|---|
| 003 | MPLRDC | ||
| 005 | 20220104113545.0 | ||
| 008 | 210129b ||||| |||| 00| 0 eng d | ||
| 082 | _a857.62 TLXS v.34 | ||
| 100 | _a西村京太郎 | ||
| 245 |
_a第二个目标 _c林达中译 |
||
| 250 | _a初版 | ||
| 260 |
_a _b林白出版社 _c1987 |
||
| 300 | _b平 | ||
| 490 | _a推理小说系列. 34 | ||
| 650 | _a推理小说 | ||
| 942 |
_cBK _o857.62 TLXS v.34 |
||
| 999 |
_c578 _d568 |
||